Bezpečné potraviny

Odborníci sa zhodujú v tom, že zárukou bezrizikovosti prídavných látok je pestrá, vyvážená strava. Rozruch okolo "E-čka". "Funkčné" prídavky v potravinách. Preverovanie neškodnosti. Kedy vzniká riziko. Pestrosť stravy - záruka bezpečnosti. Potravinová legislatíva na Slovensku.

Salvato in:
Dettagli Bibliografici
Autore principale: Šinková, Terézia
Natura: Capitolo di libro
Lingua:slovacco
Soggetti:
Tags: Aggiungi Tag
Nessun Tag, puoi essere il primo ad aggiungerne!!

MARC

LEADER 00000naa$a2200000$$$4500
001 0026367
005 20231108140706.0
041 0 |a slo 
044 |a SK 
245 1 0 |a Bezpečné potraviny  |c Terézia Šinková 
520 |a Odborníci sa zhodujú v tom, že zárukou bezrizikovosti prídavných látok je pestrá, vyvážená strava. Rozruch okolo "E-čka". "Funkčné" prídavky v potravinách. Preverovanie neškodnosti. Kedy vzniká riziko. Pestrosť stravy - záruka bezpečnosti. Potravinová legislatíva na Slovensku. 
610 2 0 |a potraviny 
610 2 0 |a bezpečnosť potravinová 
610 2 0 |a riziko 
610 2 0 |a látky nebezpečné 
610 2 0 |a legislatíva 
100 1 |a Šinková, Terézia